Reinventing government : status of NPR recommendations at 10 federal agencies : report to congressional requesters /

Bibliographic Details
Corporate Author: United States. General Accounting Office
Format: Government Document Book
Language:English
Published: Washington, D.C. (P.O. Box 37050, Washington 20013) : The Office, [2000]
Subjects:
Online Access:Adobe Acrobat reader required

MARC

Tag First Indicator Second Indicator Subfields
LEADER 00000cam a2200000 a 4500
001 in00001601513
005 20210520111720.0
008 010119s2000 dcu b f000 0 eng c
035 |a (OCoLC)ocm45750083 
037 |a 576815  |b GAO (202) 512-6000 (Voice); (202) 512-6061 (Fax)  |f paper copy 
040 |a GSA  |c GSA  |d GPO  |d DLC  |d MvI  |d UtOrBLW 
042 |a pcc 
043 |a n-us--- 
049 |a UMIC 
074 |a 0546-D (online) 
086 0 |a GA 1.13:GGD-00-145 
088 |a GAO/GGD-00-145 
088 |a B-281701 
110 1 |a United States.  |b General Accounting Office. 
245 1 0 |a Reinventing government :  |b status of NPR recommendations at 10 federal agencies : report to congressional requesters /  |c United States General Accounting Office. 
246 3 0 |a Status of NPR recommendations at 10 federal agencies 
264 1 |a Washington, D.C. (P.O. Box 37050, Washington 20013) :  |b The Office,  |c [2000] 
300 |a 80 pages ;  |c 28 cm. 
336 |a text  |b txt  |2 rdacontent 
337 |a unmediated  |b n  |2 rdamedia 
338 |a volume  |b nc  |2 rdacarrier 
500 |a Cover title. 
500 |a "September 2000." 
504 |a Includes bibliographical references. 
500 |a "GAO/GGD-00-145." 
500 |a "B-281701"--P. 1 
530 |a Available via Internet from the GPO Access web site. Address as of 1/11/2001: http://frwebgate.access.gpo.gov/cgi-bin/getdoc.cgi?dbname=gao&docid=f:gg00145.pdf; current access is available via PURL. 
610 2 0 |a National Partnership for Reinventing Government (U.S.)  |x Evaluation. 
650 0 |a Administrative agencies  |z United States  |x Reorganization. 
650 0 |a Government productivity  |z United States. 
856 4 1 |u https://purl.fdlp.gov/GPO/LPS8566  |z Adobe Acrobat reader required  |t 0 
999 |a MARS 
999 f f |s 9b177087-a7c1-31b9-b7af-c8cde5553799  |i f92c0ab2-f212-34d8-8519-ca8a468d9799  |t 0 
952 f f |a Texas A&M University  |b College Station  |c Electronic Resources  |d Available Online  |t 0  |e GA 1.13:GGD-00-145  |h Superintendent of Documents classification 
998 f f |a GA 1.13:GGD-00-145  |t 0  |l Available Online